Parks and Recreation Characters by their Final Lines Quiz Stats

 Plays Quiz not verified by Sporcle

Support Sporcle.
Go Orange.
Score 0/18 Timer 10:00
0 Plays Today
% Correct
Perd Hapley
85.2%
Leslie Knope
83.1%
Ben Wyatt
81%
Jennifer Barkley
69%
Ron Swanson
67.6%
Andy Dwyer
66.9%
Jeremy Jamm
65.5%
Tammy Swanson (Two)
64.1%
Ann Perkins
63.4%
% Correct
Jean-Ralphio Saperstein
59.2%
Donna Meagle
57.7%
Chris Traeger
57%
Tom Haverford
53.5%
April Ludgate
53.5%
Craig Middlebrooks
52.8%
Mark Brendanawicz
49.3%
Mona-Lisa Saperstein
47.9%
Garry Girgich
39.4%

You're not logged in!

Compare scores with friends on all Sporcle quizzes.
OR
Log In

From the Vault

Dr. Seuss en Español

by scole9179

The words may not rhyme in Spanish, but we still think that 'El gato ensombrerado' has a nice ring to it.
Remove Ads.
Support Sporcle.
Get the best of Sporcle when you Go Orange. This ad-free experience offers more features, more stats, and more fun while also helping to support Sporcle. Thank you for becoming a member.

Show Comments

Extras

Top Quizzes Today


Score Distribution

Your Account Isn't Verified!

In order to create a playlist on Sporcle, you need to verify the email address you used during registration. Go to your Sporcle Settings to finish the process.

Report this User

Report this user for behavior that violates our Community Guidelines.

Details: